00951nam a2200217 a 450000100100000000500170001000800410002702000150006804000250008324501120010826000390022030000170025949000380027650000590031450501330037370000340050670000290054083000420056995201050061199900170071600004460120201002045506.0140721s1986 sp 000 0 spa d a8424910184 aDO-SdBNPbspacBNPHU00aTratados hipocráticos /cintroducciones, traducciones y notas porJ. A. López Pérez, E. García Novo. aMadrid :bEditorial Gredos,c1986. av. ;c23 cm.1 aBibliotecas clásicas Gresosv90 aIncluye datos bibliográficos al pie de las páginas0 av. 2tSobre los aires, aguasy lugarestSobre los humorestSobre los platostPredicciones ItPredicciones IItPredicciones de cos12aLópez Pérez, J. A.97263012aGarcía Novo, E.972631 0aBiblioteca clásica Gredosv9098642 001050718MOaGRbGRcCTd2014-07-21iLF1l0o p44601-10r2020-06-25w2020-06-25y1ZNo se presta c44090d44090